[Event "ISR-ch"]
[Site "Ramat Aviv/Modiin"]
[Date "2000.12.17"]
[Round "1"]
[White "Sutovsky, Emil"]
[Black "Huzman, Alexander"]
[Result "1-0"]
[WhiteElo "2609"]
[BlackElo "2574"]
[Annotator "Huzman,A"]
[PlyCount "101"]
[EventDate "2000.12.17"]
[EventType "tourn"]
[EventRounds "11"]
[EventCountry "ISR"]
[EventCategory "11"]
[SourceTitle "CBM 081"]
[Source "ChessBase"]
[SourceDate "2001.03.20"]
[SourceVersion "1"]
[SourceVersionDate "2001.03.20"]
[SourceQuality "1"]

1. e4 e5 2. Nf3 Nf6 3. Nxe5 d6 4. Nf3 Nxe4 5. d4 d5 6. Bd3 Be7 7. O-O Nc6 8. c4
Nf6 9. Nc3 Bg4 10. cxd5 Nxd5 11. Be4 Be6 12. Qd3 (12. Qc2 h6 13. Bf5 Bxf5 14.
Qxf5 Nxc3 15. bxc3 O-O 16. Be3 Qc8 17. Qc2 Na5 18. c4 b6 19. Rad1 Qa6 20. Nd2
Rfd8 $11 {1/2-1/2 Janocha,W-Kampfhenkel,U/Baltic Sea 1991/SEC 03 (32)}) 12...
Ncb4 (12... a6 13. a3 Bf6 14. Re1 Nce7 15. Ng5 g6 16. Nxe6 fxe6 17. Nxd5 Nxd5
18. Bf3 Kf7 19. Bg4 Re8 20. Qh3 Kg7 21. Bh6+ $16 {1-0 City Riga-City Orel/cr
steden 1896 (35)}) 13. Qb1 (13. Qe2 O-O 14. a3 Nc6 15. Re1 Re8 $11) (13. Qb5+
c6 14. Qxb7 Rb8 15. Qxa7 Ra8 $11) 13... c6 (13... h6 14. Ne5 (14. a3 Nc6 15.
Re1 O-O 16. Bh7+ Kh8 17. Bf5 $14 Nxc3 $140 18. bxc3 Bd5 19. Nd2) 14... O-O 15.
a3 Nc6 16. Nxc6 bxc6 17. Qc2 $14) 14. a3 Na6 15. Nxd5 (15. Re1 Nac7 16. Nxd5
Bxd5 {-see game}) 15... Bxd5 (15... cxd5 16. Bd3 h6 17. Ne5 Qb6 18. Be3 O-O 19.
f4 $36) 16. Re1 Nc7 (16... h6 17. Bxd5 cxd5 (17... Qxd5 18. Bf4 Rd8 19. Re5 Qd7
20. Qe4 $16) 18. Bf4 O-O 19. Qf5 $36) 17. Bg5 $1 Be6 (17... f6 $5 18. Bf4 Bxe4
19. Qxe4 Nd5 $11) (17... Bxg5 18. Bxd5+ Be7 (18... Kf8 19. Bc4 Bf6 20. Qa2 Qd7
21. Ne5 Bxe5 22. dxe5 Nd5 23. Rad1 Rd8 24. Qb3 g6 25. Bxd5 cxd5 26. Rd4 $16))
18. Bxe7 Qxe7 19. Ne5 (19. Qc2 O-O-O 20. b4 Qd6 $11) 19... O-O-O 20. Qc2 Rxd4
$2 {A big positional mistake,as Black`s King becomes weak.} (20... f6 21. Nf3
g5 22. Rad1 Qd7 $11) 21. Bxc6 $1 Qd6 (21... bxc6 22. Nxc6 Qf6 23. Nxd4 Qxd4 24.
Rac1 Qb6 25. Re3 Kb8 26. Rc3 $16) (21... Rhd8 22. Bxb7+ (22. Bf3 $5 f6 $140 23.
Bxb7+ Kxb7 24. Nc6 $16) 22... Kxb7 23. Nc6 Qg5 24. Nxd8+ Qxd8 25. Rad1 $14) {
[%tqu "En","Find a tactical idea for White and calculate possibility of
Black's counterplay.","","","c6d7","",10,"c6e4","",0]} 22. Bd7+ $5 (22. Be4 $1
Kb8 23. Nf3 Rc4 24. Qe2 $16) 22... Bxd7 23. Nxf7 Qf8 $2 (23... Qd5 $1 24. Nxh8
Bc6 25. f3 Rd2 (25... Qg8 26. Rad1 (26. Qc5 $5 {[%cal Gc5a7]}) 26... Rxd1 27.
Rxd1 Qxh8 28. Qf5+ Kb8 29. Qxh7 $1 Qe8 30. Qxg7 $18) 26. Qc3 (26. Qe4 Qg5 27.
Qg4+ Qxg4 28. fxg4 Rxg2+ 29. Kf1 Rxb2 $44) 26... Qg5 27. g3 Qh6 28. h4 (28. h3
Qd6 29. Qe5 (29. Re5 Rd3 30. Nf7 (30. Qc5 Rd1+ (30... Qxc5+ 31. Rxc5 Rxf3 32.
Rh5 $1 Rxg3+ 33. Kf1 h6 $44) 31. Rxd1 Qxd1+ 32. Kh2 Qxf3 (32... Qd2+ $11) 33.
Qg1 Qf8 $17) 30... Qd7 31. Qc4 Rxf3 $17) 29... Qf8 {-see main line}) 28... Qd6
29. Qe5 (29. Re5 Rd3 30. Nf7 (30. Qc5 Rd1+ 31. Rxd1 Qxd1+ 32. Kh2 Qxf3 33. Qg1
(33. Kh3 Qf1+ 34. Kg4 Bd7+ 35. Rf5 Qe2+ 36. Kf4 b6 $1 $19)) (30. Qe1 Qd4+ 31.
Kh2 Rxf3 32. Re2 g5 $17) 30... Qd7 31. Re7 (31. Qc4 Rxf3 32. Ng5 Rxg3+ 33. Kf2
Rg2+ 34. Kf1 b5 $1 $17) 31... Qxe7 32. Qxd3 Qxf7 33. Rd1 Qf6 $15) 29... Qf8 30.
Rad1 (30. Qc3 Rd7 31. Rad1 Rxd1 32. Rxd1 Qxh8 $15 {/=}) (30. Qf4 Qc5+ 31. Kh1
Qf2 32. Qf5+ Rd7 33. Rf1 Qxg3 $44) 30... Qxf3 (30... Rxd1 31. Rxd1 Qxf3 32. Rd2
Qf8 $5) 31. Rxd2 Qh1+ 32. Kf2 Qf3+ $11) 24. Nxh8 Qxh8 25. Re7 $6 (25. Qc5 $1 g6
26. Qxa7 $16) 25... Qf8 26. Rae1 Qf6 $2 (26... Kd8 $142 27. R7e5 Qd6 $132) 27.
h3 h6 28. Qh7 $1 $16 Ne6 29. Qc2+ Nc7 30. Qh7 Ne6 31. Qg8+ Nd8 32. Qxg7 Qb6 (
32... Qf4 33. Qe5 Qxe5 34. R7xe5 Nc6 35. R5e4 Rd2 36. R4e2 $16) 33. Rc1+ Bc6 (
33... Nc6 34. Re2 Rd6 35. b4 $18) 34. b4 Rf4 35. Qg3 Rf5 36. Rc5 $1 $18 Rxc5
37. bxc5 Qb1+ 38. Kh2 Bd7 39. Qe5 Nc6 40. Qh8+ Kc7 41. Rf7 Qb3 42. Qf6 Qd5 43.
Qf4+ Kc8 44. Rf8+ Nd8 45. Qxh6 Qxc5 46. Qf6 Qc7+ 47. f4 Bc6 48. h4 Qd7 49. h5
Qd2 50. Rg8 Qd5 51. Qg5 1-0

[Event "FIDE-Wch k.o."]
[Site "Tripoli"]
[Date "2004.06.20"]
[Round "1.2"]
[White "Iordachescu, Viorel"]
[Black "Morovic Fernandez, Ivan"]
[Result "1-0"]
[WhiteElo "2627"]
[BlackElo "2583"]
[Annotator "Huzman,A"]
[PlyCount "59"]
[EventDate "2004.06.19"]
[EventType "k.o."]
[EventRounds "7"]
[EventCountry "LBY"]
[SourceTitle "CBM 102"]
[Source "ChessBase"]
[SourceDate "2004.09.23"]
[SourceVersion "1"]
[SourceVersionDate "2004.09.23"]
[SourceQuality "1"]

1. e4 e5 2. Nf3 Nf6 3. Nxe5 d6 4. Nf3 Nxe4 5. d4 d5 6. Bd3 Be7 7. O-O Nc6 8.
Re1 Bg4 9. c3 f5 10. Qb3 O-O 11. Nbd2 Na5 12. Qc2 c5 13. Ne5 Bh5 14. f3 cxd4
15. fxe4 dxc3 16. exd5 $1 (16. exf5 cxd2 17. Bxd2 Bf6 (17... Bh4 {1/2-1/2
Milos,G-Morovic Fernandez,I/Santos BRA 2003/(17)}) 18. Bc3 {1/2-1/2 Grischuk,
A-Bologan,V/Dagomys RUS 2004/(18)}) 16... cxd2 17. Bxd2 Qxd5 18. Bc3 {[%cal
Gc3a5,Gc3g7,Gc2h7] White's bishops control the whole board! Qd5 and Na5 are
under pressure of white pieces.} Kh8 (18... h6 19. Kh1 {/\20.b4} Bf6 20. Bxf5
Nc6 21. Nd7 $1 $18 {1-0 Avotins,M-Starke,H/ICCF Email 2002/ICCF Telechess CBM
100 (30)}) 19. Bxf5 Bh4 (19... Bf6 20. Bxh7 Rae8 21. Ng6+ Bxg6 22. Bxg6 Rxe1+
23. Rxe1 Qc5+ 24. Kh1 Bxc3 25. Qd3 $1 $16) (19... Nc6 20. Bxh7 Bc5+ 21. Kh1 Rf2
22. Be4 $1 Rxc2 23. Bxd5 $16) 20. Qe4 $1 {White transposse the game into an
endgame where Black wouldn't be able to escape material losses.} Qxe4 (20...
Qc5+ $142 21. Bd4 Qd6 22. Rf1 (22. Qxh4 Rxf5 23. b4 Nc6 24. Nxc6 bxc6 25. Re7
$16) 22... Bf6 23. Bxh7 Nc6 (23... Rae8 24. Rf5 Bxe5 25. Rxe5 Qh6 26. Bf5 Nc6
27. Rxe8 Rxe8 28. Qh4 $16)) 21. Rxe4 $16 {[%mdl 4]} Bd8 (21... Rxf5 22. Rxh4
Be8 23. Rg4 b6 (23... Bh5 24. Re4 $18 {[%cal Gg2g4]}) 24. Nc4 (24. Re1 $16)
24... Bg6 25. Nxa5 bxa5 26. Rd4 $16) 22. g4 Bb6+ (22... Be8 23. Rd1 Nc6 24. Nd7
Rg8 25. Rd6 $1 $18 {[%cal Gd6h6]}) 23. Kg2 Rad8 $2 (23... Bf7 24. Nxf7+ Rxf7
25. Rd1 $16) 24. gxh5 Rxf5 25. h6 $1 Kg8 26. hxg7 $18 {[%cal Ge5g4,Gg4h6,Gg4f6]
} h5 27. Kh1 Kh7 28. Rae1 Re8 29. Nd7 $1 Rxe4 30. Rxe4 (30. Rxe4 Rg5 31. h4
Rg1+ 32. Kh2 $18) 1-0

[Event "RUS-ch 56th"]
[Site "Krasnoyarsk"]
[Date "2003.09.04"]
[Round "2"]
[White "Sveshnikov, Evgeny"]
[Black "Motylev, Alexander"]
[Result "0-1"]
[WhiteElo "2561"]
[BlackElo "2634"]
[Annotator "Huzman,A"]
[PlyCount "106"]
[EventDate "2003.09.03"]
[EventType "swiss"]
[EventRounds "9"]
[EventCountry "RUS"]
[SourceTitle "CBM 098"]
[Source "ChessBase"]
[SourceDate "2004.02.03"]
[SourceVersion "1"]
[SourceVersionDate "2004.02.03"]
[SourceQuality "1"]

1. e4 e5 2. Nf3 Nf6 3. Nxe5 d6 4. Nf3 Nxe4 5. Nc3 Nxc3 6. dxc3 Be7 7. Bf4 O-O
8. Qd2 Nd7 9. O-O-O Nc5 10. Nd4 Ne6 11. Be3 Nxd4 12. cxd4 c6 (12... Bf6 13. Be2
Be6 14. g4 Bd5 15. Rhg1 g6 16. c4 Bc6 17. f4 Re8 18. d5 Bd7 19. Bd3 c5 20. dxc6
bxc6 21. Bc2 {1/2-1/2 Zapata,A-Schussler,H/Bayamo 1981/EXT 2003 (21)}) (12...
Bf5 13. f3 Re8 14. g4 Bg6 15. Kb1 Bh4 16. Bf2 h6 17. f4 Be4 18. Rg1 Qf6 19.
Bxh4 Qxh4 20. Rg3 Re7 $11 {0-1 Huebner,R-Kramnik,V/Frankfurt 1996/EXT 98 (53)})
(12... d5 13. h3 (13. Bd3 Be6 14. h4 b6 15. Bg5 c5 16. Bxe7 Qxe7 17. c3 a5 18.
Rde1 Qd6 {1/2-1/2 Perez Lopez,J-Mellado Trivino,J/ESP 1999/EXT 2000 (18)})
13... Be6 14. Kb1 Qd7 15. g4 a5 16. Bg5 Bb4 17. c3 Bd6 18. Bf4 Bf5+ 19. Ka1 Be4
$11 {1/2-1/2 Vysochin,S-Kroeze,F/Rotterdam 1998/EXT 99 (27)}) (12... Re8 13.
Bd3 (13. Kb1 Bf5 14. f3 d5 15. g4 Bg6 16. Bg2 a5 17. f4 Bb4 18. Qf2 Be4 $15 {
1/2-1/2 Titova Boric,E-Hernandez,Y/Bled 2002/EXT 2003 (38)}) 13... c6 14. f3
Be6 15. Kb1 Bf8 16. g4 Bd5 17. Rdf1 b5 18. h4 Qd7 19. Bf5 Qb7 20. h5 c5 21. Rh3
b4 $15 22. g5 Qa6 {0-1 Adamski,M-Smirnov,I/Evpatoria 2001/EXT 2003 (22)}) 13.
d5 $1 (13. Bd3 Be6 14. Kb1 Qd7 15. c3 Bf5 $11 {1/2-1/2 Sveshnikov,E-Ehlvest,J/
Pinsk 1986/EXT 2000 (30)}) (13. Kb1 Be6 14. f3 b5 15. h4 f5 16. h5 Qe8 17. Bg5
Bxg5 18. Qxg5 Qf7 19. Ka1 a5 20. Bd3 Bxa2 21. Qxf5 Qxf5 22. Bxf5 Rxf5 23. Kxa2
Re8 $17 {0-1 Klenburg,M-Mikhalevski,V/Ashdod ISR 2003/(47)}) 13... c5 14. h4
Bf6 15. Be2 {[%cal Gg2g5]} Qb6 16. c3 Qa5 17. Bg5 $1 Bd8 $8 (17... Qxa2 18.
Bxf6 Qa1+ (18... gxf6 19. Qf4 $40) 19. Kc2 Qa4+ 20. Kb1 gxf6 21. Bd3 Kg7 22.
Bc2 Qg4 23. Rh3 $40) (17... Bxg5 18. hxg5 Qxa2 19. Bd3 Qa1+ 20. Kc2 Qa4+ 21.
Kb1 $40) 18. Kb1 b5 19. Bxd8 (19. Bd3 c4 20. Bc2 Rb8 21. a3 Qc7 $132 {[%cal
Ya7a5,Yb5b4]}) 19... Rxd8 (19... Qxd8 20. Bxb5 $16) 20. h5 h6 21. g4 $40 Re8
22. g5 (22. Rhg1 $5 {[%cal Gg4g5]}) 22... hxg5 23. h6 Bf5+ 24. Ka1 g6 25. Qxg5
Qd8 $1 26. h7+ (26. Qxd8 $142 Raxd8 27. Bxb5 Re5 28. Rhe1 (28. f4 Re3 29. Rde1
$16) 28... Be4 $132) 26... Kh8 27. Qd2 (27. Qxd8 $142) 27... a6 28. Bd3 Qf6 $44
29. Bxf5 Qxf5 30. Rhe1 a5 31. Re3 Rxe3 32. Qxe3 Qf6 33. a4 $2 bxa4 (33... Qh4
34. f4 bxa4 $15) 34. Ka2 Rb8 35. Rd2 Kxh7 $17 36. Qe4 Kg7 37. Qxa4 Rh8 38. Qb5
(38. Qxa5 Qf4 $1 $19) 38... Qf4 $19 39. Re2 Rh2 40. Kb3 Rxf2 41. Rxf2 Qxf2 42.
Ka4 Qh4+ 43. Kxa5 Qd8+ 44. Qb6 Qxb6+ 45. Kxb6 g5 46. Kc6 g4 47. Kxd6 g3 48. Kc7
g2 49. d6 g1=Q 50. d7 Qh2+ 51. Kc8 Qh8+ 52. d8=Q Qxd8+ 53. Kxd8 c4 0-1

[Event "American Continental 2nd"]
[Site "Buenos Aires"]
[Date "2003.08.29"]
[Round "11"]
[White "Zambrana, Oswaldo"]
[Black "Krush, Irina"]
[Result "0-1"]
[WhiteElo "2404"]
[BlackElo "2449"]
[Annotator "Huzman,A"]
[PlyCount "70"]
[EventDate "2003.08.17"]
[EventType "swiss"]
[EventRounds "11"]
[EventCountry "ARG"]
[SourceTitle "CBM 097"]
[Source "ChessBase"]
[SourceDate "2003.11.11"]
[SourceVersion "1"]
[SourceVersionDate "2003.11.11"]
[SourceQuality "1"]

1. e4 e5 2. Nf3 Nf6 3. Nxe5 d6 4. Nf3 Nxe4 5. d4 d5 6. Bd3 Bd6 7. O-O O-O 8. c4
c6 9. Qc2 Na6 10. a3 f5 11. Nc3 Nc7 12. c5 Be7 13. Ne2 Ne6 (13... Bf6 14. Nd2 (
14. Bf4 Ne6 15. Be5 g5 (15... Bd7 16. b4 Rc8 17. Qb2 Kh8 18. Bxf6 Rxf6 19. Ne5
Be8 20. f3 N4g5 21. Rad1 $16 {0-1 Hazai,L-Valkesalmi,K/Espoo 1987/EXT 97 (57)})
(15... Qe8 16. Bxf6 Rxf6 17. b4 Rh6 18. Qb2 Qh5 19. Ng3 Qg4 20. Ne5 Qh4 21. Nf3
$11 {1/2-1/2 Zagorski,F-Marolt,T/IECG 2002/Telechess CBM 95 (24)}) 16. b4 g4 (
16... a5 $6 17. Qb2 axb4 18. axb4 Rxa1 19. Rxa1 g4 20. Bxf6 Rxf6 21. Ne5 Rh6
22. g3 Qe8 23. Ra8 $16 {1-0 Rodriguez Lopez,R-Hernandez Estevez,Y/Mondariz
1995/EXT 97 (33)}) 17. Nd2 Bxe5 18. dxe5 b6 19. cxb6 Qxb6 20. Nb3 Rf7 21. Rac1
Bd7 22. Bxe4 fxe4 23. Qc3 Raf8 24. Ned4 $16 {1-0 Miller,J-Noire,E/IECG 2001/
Telechess CBM 87 (32)}) (14. Ne5 Ne6 15. f4 g5 (15... Bd7 16. b4 (16. Be3 Be8
17. Kh1 Bh5 18. b4 Bxe2 19. Bxe2 Bxe5 20. dxe5 g5 $132 {1/2-1/2 Bratovic,
B-Madan,A/Balatonlelle HUN 2003/(48)}) 16... Be8 17. Be3 Kh8 18. a4 a6 19. Qb3
g5 20. Bxe4 fxe4 21. fxg5 Bxg5 22. Rxf8+ Nxf8 23. Rf1 Ng6 24. Bf4 $36 {1/2-1/2
Zoeller,T-Rack,M/Griesheim 2000/EXT 2001 (36)}) 16. g3 Kh8 17. Be3 gxf4 18.
gxf4 Bxe5 19. fxe5 Rg8+ 20. Kh1 Qh4 $40 {1/2-1/2 Vesselovsky,S-Haba,P/Czech
Rep CZE 2003/(37)}) 14... Ne6 15. Nb3 Bd7 16. f3 Be8 17. Kh1 g6 18. Bh6 Ng7 19.
fxe4 fxe4 20. Bxe4 dxe4 21. Nc3 $16 {1-0 Sutovsky,E-Volzhin,A/Ohrid MKD 2001/ 
(39)}) 14. b4 (14. Nf4 N6g5 (14... Bf6 15. Nxe6 Bxe6 16. Bf4 Bf7 (16... Qe8 17.
Be5 Qh5 18. Qb3 Bxe5 19. Nxe5 Rab8 20. Rfe1 Qh6 21. f3 $16 {1-0 Kulaots,K-Lauk,
U/Tallinn op 2000/CA (44)}) (16... g5 17. Be5 g4 18. Bxf6 Qxf6 19. Ne5 Qh4 20.
f4 g3 21. h3 Kh8 22. b4 a6 23. a4 Nf2 24. Qd2 Rg8 25. Ra3 Rg7 26. Rfa1 Rag8 27.
b5 Nxh3+ 28. gxh3 g2 29. Be2 $16 {1-0 Navara,D-Berezjuk,S/Ostrava 2002/CBM 88
ext (35)}) 17. Be5 Bh5 18. Bxf6 Qxf6 19. Ne5 Rad8 20. f3 Ng5 21. Rfe1 Ne6 22.
Qf2 f4 23. b4 $16 {1-0 Gipslis,A-Raetsky,A/Berlin 1993/TD (44)}) (14... Qc7 15.
Nxe6 Bxe6 16. b4 (16. Re1 Rae8 17. Ne5 Bc8 18. Bf4 Qd8 19. Re2 Bg5 20. Bxg5
Qxg5 21. b4 f4 22. f3 Bh3 23. Kh1 $16 {1-0 Seminara,J-Ferrara,A/Buenos Aires
1998/EXT 2002 (28)}) 16... Bf6 17. Bb2 f4 18. Rfe1 Rfe8 19. h3 g6 20. Bxe4 dxe4
21. Rxe4 Bd5 22. Rxe8+ Rxe8 23. Ne5 $14 {1-0 Gruenfeld,Y-Greenfeld,A/ISR t-ch
playoff 2002 (45)}) 15. Nxg5 Nxg5 16. Re1 (16. b4 Bf6 17. Qc3 Ne4 18. Qb2 b6
19. Nh5 Be7 20. f3 Nf6 21. Ng3 g6 22. Bf4 Rf7 23. Rfe1 Bf8 24. Re2 a5 25. Rae1
$14 {1/2-1/2 Kulaots,K-Lauk,U/Puhajarve EST 2001/ (61)}) 16... Bf6 17. Be3 g6
18. f3 Qc7 19. Qf2 Qg7 20. Rad1 Re8 21. Bc2 Bd7 22. Kh1 Re7 23. Qg3 Nf7 $11 {
0-1 Sherzer,A-Wolff,P/Philadelphia 1987/EXT 97 (50)}) 14... Bf6 15. Bb2 Qc7 (
15... a6 16. a4 g6 17. Ne5 Bg7 18. f3 $14 {Kapustin - Kuzenkov, corr 1986
[Jussupow] (18)}) 16. Nd2 (16. Rfe1 Bd7 (16... g6 17. Nc1 Bd7 18. Bf1 Rae8 19.
Nd3 Bc8 20. Nfe5 N4g5 21. a4 f4 22. f3 Nf7 23. Nxf7 Rxf7 24. Qf2 Ree7 25. Re2
Ng7 26. Rxe7 Rxe7 27. Re1 g5 28. Ne5 Nf5 $132 {1-0 Mazi,L-Lazovic,G/Bled 1999/
CBM 69 ext (40)}) 17. Rad1 g6 18. Nc1 g5 19. Nb3 Rae8 20. Ne5 Nxd4 21. Bxd4
Bxe5 22. Bxe5 Rxe5 23. Qc1 Re6 24. g3 Rg6 25. Nd4 $44 {1/2-1/2 Adams,M-Piket,J/
Wijk aan Zee 2002/CBM 87/[Huzman] (27)}) (16. Rad1 g6 17. Qb1 Qg7 18. Ba1 Bd7
19. Kh1 Be8 20. Ne1 g5 21. f3 Bg6 22. Bc2 Rae8 23. fxe4 fxe4 $13 {0-1
Tseshkovsky,V-Motylev,A/Ekaterinburg 2002/CBM 90 (29)}) 16... Bg5 (16... Nxd2
17. Qxd2 f4 18. f3 g6 $13) 17. Nb3 Bd7 18. Bc1 f4 19. f3 (19. Bxe4 dxe4 20.
Qxe4 f3 $1 21. Ng3 (21. gxf3 Bxc1 22. Raxc1 Ng5 $19) 21... Rae8 $44) 19... Nf6
20. a4 g6 $1 21. b5 Ng7 22. Rb1 Bf5 (22... Nf5 23. bxc6 bxc6 24. g4 $5 Nh4 (
24... Ne3 25. Bxe3 fxe3 26. Bxg6 $16) 25. Bd2 h5 $132) 23. Bd2 Rfe8 24. Nec1
Kh8 25. Na5 (25. bxc6 bxc6 26. Na5 Rab8 $11) 25... Ne4 26. Be1 (26. fxe4 dxe4
27. bxc6 exd3 28. Nxd3 b6 29. Nb3 Qxc6 30. Bxf4 Bf6 $44) 26... Ng3 (26... Bf6
$5 27. fxe4 (27. Ne2 Ng5 28. bxc6 b6 29. Nb3 N5e6 $132 {[%csl Rd4]}) 27... dxe4
28. Bc4 Bxd4+ 29. Kh1 f3 30. bxc6 b6 31. cxb6 axb6 32. Nab3 e3 33. Bd3 $16) 27.
hxg3 fxg3 (27... Rxe1 28. Rxe1 fxg3 (28... Qxa5 29. Ne2 fxg3 30. Nxg3 Bxd3 31.
Qxd3 Bh4 32. f4 Nf5 33. Nxf5 Bxe1 34. Nd6 $16) 29. Qc3 Qf4 30. bxc6 bxc6 31.
Nxc6 Qh4 32. Ne5 $16) 28. f4 $2 (28. Bd2 Qe7 (28... Bxd2 29. Qxd2 Qd8 30. Bxf5
(30. Qf4 Nh5 $19) 30... Nxf5 31. Ne2 Qh4 32. Nxg3 Nxg3 33. Rfe1 $15) 29. f4 Bh6
30. Ne2 Qxe2 (30... Qh4 31. Nxg3 Qxg3 32. Rf3 Qg4 33. bxc6 bxc6 34. Nxc6 Re2
$36) 31. Bxe2 Bxc2 32. Rbe1 Bxa4 33. Nxb7 Rxe2 34. Rxe2 Bxb5 $17) (28. Ne2 $1
Be3+ (28... Qe7 29. Kh1 (29. Nxg3 Qe3+ 30. Bf2 Qxd3 (30... Bxd3 31. Qd1 Qd2 32.
Nxb7 Bxb1 33. Qxd2 Bxd2 34. Rxb1 $44) 31. Qxd3 (31. Qa2 Qc3 32. Nxf5 Nxf5 33.
Nxb7 Nxd4 34. Nd6 Ne2+ 35. Kh1 Qg7 $40) 31... Bxd3 32. Nxb7 $44) 29... Bd2 30.
Bxf5 Nxf5 31. Ng1 Qh4+ 32. Nh3 Re2 33. Qxd2 (33. Bxd2 Ne3 $132) 33... Rxd2 34.
Bxd2 $14) 29. Kh1 Qd8 30. Bxg3 Qxa5 31. Be5 $14) 28... Rxe1 (28... Qxf4 $1 29.
Nab3 (29. Rxf4 Rxe1+ 30. Rf1 (30. Bf1 Bxc2 $19) 30... Be3+ 31. Kh1 Rxf1+ 32.
Bxf1 Bxc2 $19) 29... Qh4 $19) 29. Rxe1 Qxf4 30. Bxf5 (30. Nab3 Qh4 31. Nd2 (31.
Bxf5 Nxf5 32. Nd3 Qh2+ 33. Kf1 Rf8 $19) 31... Bxd2 32. Qxd2 Qh2+ 33. Kf1 Qh1+
34. Ke2 Bg4+ 35. Ke3 Qh6#) (30. Ncb3 Qh4 31. Bxf5 Nxf5 32. Qc3 Rf8 33. Qf3 Qh2+
34. Kf1 Ne3+ 35. Rxe3 Rxf3+ 36. Rxf3 Qh1+ $19) 30... Qxd4+ 31. Kf1 $2 (31. Kh1
gxf5 (31... Nxf5 32. Qb2 $18) 32. Nd3 Qh4+ 33. Kg1 Qh2+ 34. Kf1 f4 $1 {[%cal
Yf4f3]} 35. Ne5 (35. Rb2 f3 36. gxf3 Qh1+ 37. Ke2 Re8+ 38. Kd1 Qxf3+ 39. Re2 g2
$19) 35... f3 $1 36. Nxf3 Qh1+ 37. Ke2 Qxg2+ 38. Kd1 Qxf3+ 39. Qe2 Qc3 $19)
31... Rf8 $1 32. Rb3 (32. Nab3 Nxf5 33. Nxd4 Nxd4+ 34. Kg1 Nxc2 35. Rd1 Be3+
36. Kh1 Rf5 $19) (32. Ncb3 Qg4 33. Re5 Nxf5 34. Ke1 Ne3 35. Rxe3 Bxe3 $19)
32... Bxc1 (32... Rxf5+ 33. Rf3 Rxf3+ 34. gxf3 Bd2 $1 35. Re2 Bxa5 36. Nb3 Qh4
$1 37. Kg1 Bb4 $17) (32... Nxf5 $1 33. Rf3 Qh4 $19) 33. Rf3 Nxf5 (33... Qh4 $5
34. Be4 $1 Bf4 35. Bxd5 cxd5 36. Ke2 Nf5 $17) 34. Qxc1 Qh4 35. Ke2 $2 (35. Qa1+
$8 Nd4 (35... d4 36. Ke2) (35... Kg8 36. Qc3 Qh1+ 37. Ke2 Qxg2+ 38. Kd1) 36.
Rxf8+ Kg7 37. Qxd4+ $8 Qxd4 38. Rf3 Qxa4 39. Re7+ Kh6 40. Nxb7 Qxb5+ 41. Ke1
Qb1+ 42. Ke2 Qc2+ 43. Kf1 Qd1+ 44. Re1 Qa4 45. Nd6 Qh4 $17) 35... Nd4+ (35...
Nd4+ 36. Kd2 (36. Kd1 Nxf3 37. gxf3 Qxa4+ $19) 36... Nxf3+ 37. gxf3 Qd4+ 38.
Kc2 Qxa4+ $19) 0-1